Sticks and stones : (Record no. 133569)
[ view plain ]
| 000 -LEADER | |
|---|---|
| fixed length control field | 00996cam8a220028900 4500 |
| 001 - CONTROL NUMBER | |
| control field | lce00116011 |
| 008 - FIXED-LENGTH DATA ELEMENTS--GENERAL INFORMATION | |
| fixed length control field | 760503s1976 onca 000 0 eng d |
| 010 ## - LIBRARY OF CONGRESS CONTROL NUMBER | |
| LC control number | cn 76017032 |
| 015 ## - NATIONAL BIBLIOGRAPHY NUMBER | |
| National bibliography number | C76-17032-0 |
| 020 ## - INTERNATIONAL STANDARD BOOK NUMBER | |
| Terms of availability | |
| -- | .95 |
| 035 ## - SYSTEM CONTROL NUMBER | |
| System control number | (Sirsi) r87373 |
| 035 ## - SYSTEM CONTROL NUMBER | |
| System control number | (DLC)cn 76017032 |
| 035 ## - SYSTEM CONTROL NUMBER | |
| System control number | (UPRA)lce00116011 |
| 040 ## - CATALOGING SOURCE | |
| Original cataloging agency | CaOTY |
| Language of cataloging | eng |
| Transcribing agency | CaOONL |
| Modifying agency | CaOONL |
| 055 02 - CLASSIFICATION NUMBERS ASSIGNED IN CANADA | |
| Classification number | PS8535* |
| 082 ## - DEWEY DECIMAL CLASSIFICATION NUMBER | |
| Classification number | C812/.5/4 |
| 100 1# - MAIN ENTRY--PERSONAL NAME | |
| Personal name | Reaney, James. |
| Linkage | A46791.1 |
| 245 10 - TITLE STATEMENT | |
| Title | Sticks and stones : |
| Remainder of title | the Donnellys, part I / |
| Statement of responsibility, etc. | James Reaney ; with scholorly apparatus by James Noonan. |
| 250 ## - EDITION STATEMENT | |
| Edition statement | 3d print. with revision. |
| 260 ## - PUBLICATION, DISTRIBUTION, ETC. | |
| Place of publication, distribution, etc. | [Erin, Ont.] : |
| Name of publisher, distributor, etc. | Press Porcepic, |
| Date of publication, distribution, etc. | 1976. |
| 500 ## - GENERAL NOTE | |
| General note | First ed. published in 1975. |
| 600 30 - SUBJECT ADDED ENTRY--PERSONAL NAME | |
| Personal name | Donnelly family -- Drama. |
| General subdivision | Donnelly family -- Drama. |
| Linkage | S36005.1 |
| 600 36 - SUBJECT ADDED ENTRY--PERSONAL NAME | |
| Personal name | Donnelly (Famille) -- The^atre. |
| General subdivision | Donnelly (Famille) -- The^atre. |
| Linkage | S36006.1 |
| 740 4# - ADDED ENTRY--UNCONTROLLED RELATED/ANALYTICAL TITLE | |
| Uncontrolled related/analytical title | The Donnellys, part I. |
| 949 ## - LOCAL PROCESSING INFORMATION (OCLC) | |
| a | PR9199.3.R43 |
| w | lcc |
| i | -121679 |
| m | MAIN |
| t | BOOK |
| l | ON-SHELF |
No items available.